Genetic variation and pathogenicity of Botrytis cinerea

保存先:
書誌詳細
第一著者: C.J.B. Van der Vlugt-Bergmans
フォーマット: 図書
言語:Undetermined
出版事項: Wageningen Landbowuniversiteit te Wageningen 1996
主題:
タグ: タグ追加
タグなし, このレコードへの初めてのタグを付けませんか!
Thư viện lưu trữ: Trung tâm Học liệu Trường Đại học Cần Thơ
LEADER 00576nam a2200181Ia 4500
001 CTU_44153
008 210402s9999 xx 000 0 und d
082 |a 579.165 
082 |b V871/1996 
100 |a C.J.B. Van der Vlugt-Bergmans 
245 0 |a Genetic variation and pathogenicity of Botrytis cinerea 
245 0 |c C.J.B. Van der Vlugt-Bergmans 
260 |a Wageningen 
260 |b Landbowuniversiteit te Wageningen 
260 |c 1996 
650 |a microbiology 
904 |i Nguyễn Quang Điền, 010911 
980 |a Trung tâm Học liệu Trường Đại học Cần Thơ